载入...

Aadhaar: Gender,identity and development

书目详细资料
主要作者: KELKAR,Govind;NATHAN,Dev;REVATHI,E;GUPTA,Swati Sen
格式: Printed Book
出版: Academic Foundation, New Delhi 2014
主题:
LEADER 00587nam a2200193 4500
020 |c 795 
082 |a 323.44 KEL-A 
100 |a KELKAR,Govind;NATHAN,Dev;REVATHI,E;GUPTA,Swati Sen 
245 |a Aadhaar: Gender,identity and development 
250
260 |a Academic Foundation, New Delhi  |c 2014 
300
490
500
590 |a MBC,Tvpm  |c 795 
650 |a Liberty-- Civil rights-- Political science 
942 |c BK 
999 |c 116920  |d 116920 
952 |0 0  |1 0  |4 0  |6 323_440000000000000_KELA  |7 0  |9 130387  |a ECN  |b ECN  |g 795.00  |l 0  |o 323.44 KEL-A  |p ECN13941  |r 2019-09-25  |w 2019-09-25  |y BK